000 00458nam a2200181Ia 4500
001 3375
005 20260306145639.0
008 260306t1992||||xx |||||||||||||| ||spa||
041 _aESP
082 _a270.234
_bN56
100 _aNieto Vélez, Armando
_eAUT
245 0 _aLa primera evangelización en el Perú:
_bhechos y personajes
260 _c1992
300 _a160 páginas :
_c19 cm.
650 _aGEN
654 _aCHU
942 _cLIB
_dJUS
_fJUS
_2ddc
_n
999 _c3375
_d3375